000
00443nam a2200145Ia 4500
008
090124s9999 xx 000 0 und d
082
_b
402903
245
_a
शामची आई (संवाद रुप )
250
_a
2
260
_b
शहा मु. ब.
_c
1984
300
_a
41
630
_a
शामची आई (संवाद रुप )
730
_a
शामची आई (संवाद रुप )
942
_c
BOOK
999
_c
199363
_d
199363